| 000 | 01091nas a2200301 4500 | ||
|---|---|---|---|
| 001 | BR2013007017 | ||
| 003 | BR-BrBNA | ||
| 005 | 20231205122905.0 | ||
| 007 | ta | ||
| 008 | 230509b bl.|||p| |||| 00| 00por d | ||
| 040 |
_aBR-BrBNA _bpor _cBiblioteca Nacional de Agricultura |
||
| 041 | _a(Pt) | ||
| 072 | _aQ03 | ||
| 100 | 1 | _aSouza, M. de L.M. de | |
| 100 | 1 | _aGonçalves, E.B. | |
| 100 | 1 | _aSilva, O.F. | |
| 100 | 1 | _aFarias, A.X. de | |
| 100 | 1 | _aCavalcanti, A.L. da S. | |
| 245 | 1 | _aVerificação intralaboratorial da performance obtida em método de determinação de ocratoxina A por purificação em coluna de imunoafinidade e cromatografia líquida de alta eficiência usando café | |
| 650 | _aANÁLISE QUÍMICA | ||
| 650 | _aSEGURANÇA ALIMENTAR | ||
| 650 | _aCONTROLE DE QUALIDADE | ||
| 650 | _aMETROLOGIA | ||
| 773 | 0 |
_tCiência e Tecnologia de Alimentos (Brazil) _xISSN 1678-457X _g(May 2010), v. 30(Supl. 1) p. 197-204 _wBR2013007017 |
|
| 856 | 4 | 0 | _uhttp://www.scielo.br/pdf/cta/v30s1/30.pdf |
| 909 |
_a202311 _bLúcia _c55 _dLúcia Elande |
||
| 942 |
_2AGRIS _n0 _cANA |
||
| 999 |
_c231106 _d231106 |
||